| 000 | 00440nam a2200169Ia 4500 | ||
|---|---|---|---|
| 008 | 221030s9999 xx 000 0 und d | ||
| 020 | _a8176561800 | ||
| 041 | _aEnglish | ||
| 082 |
_a105.23 _bJai |
||
| 100 | _aM. Jain | ||
| 245 | 0 |
_a"O" Level Made Simple Module - III, Business Systems - Vol. I _cby M. Jain, A. Jain |
|
| 260 |
_bBPB Pub _aNew Delhi _c2000 |
||
| 300 | _a634 | ||
| 650 | _aBE Computer | ||
| 700 | _aA. Jain | ||
| 942 | _cBK | ||
| 999 |
_c6661 _d6661 |
||